<?xml version="1.0" encoding="UTF-8"?>
<record
    xmlns:xsi="http://www.w3.org/2001/XMLSchema-instance"
    xsi:schemaLocation="http://www.loc.gov/MARC21/slim http://www.loc.gov/standards/marcxml/schema/MARC21slim.xsd"
    xmlns="http://www.loc.gov/MARC21/slim">

  <leader>01967nam a22002777a 4500</leader>
  <controlfield tag="001">8921</controlfield>
  <controlfield tag="003">FISKH</controlfield>
  <controlfield tag="005">20251212145946.0</controlfield>
  <controlfield tag="008">251031b        cb ||||| |||| 00| 0 eng d</controlfield>
  <datafield tag="040" ind1=" " ind2=" ">
    <subfield code="a">FISKH</subfield>
    <subfield code="b">khr</subfield>
    <subfield code="c">FISKH</subfield>
    <subfield code="d">FISKH</subfield>
  </datafield>
  <datafield tag="050" ind1=" " ind2=" ">
    <subfield code="a">PZ7</subfield>
  </datafield>
  <datafield tag="082" ind1=" " ind2=" ">
    <subfield code="a">398.2</subfield>
  </datafield>
  <datafield tag="100" ind1=" " ind2=" ">
    <subfield code="a">Anonymous</subfield>
  </datafield>
  <datafield tag="245" ind1=" " ind2=" ">
    <subfield code="a">&#x179B;&#x17C4;&#x1780;&#x1799;&#x17B6;&#x1799;&#x1793;&#x17B7;&#x1784;&#x1780;&#x17D2;&#x179A;&#x1794;&#x17B8;&#x1781;&#x17D2;&#x1798;&#x17C5; /</subfield>
    <subfield code="c">By Anonymous</subfield>
  </datafield>
  <datafield tag="260" ind1=" " ind2=" ">
    <subfield code="a">Phnom Penh : </subfield>
  </datafield>
  <datafield tag="300" ind1=" " ind2=" ">
    <subfield code="a">16 pages : </subfield>
    <subfield code="b">color illustrations ; </subfield>
    <subfield code="c">21 cm . </subfield>
  </datafield>
  <datafield tag="490" ind1=" " ind2=" ">
    <subfield code="a">&#x1796;&#x17B7;&#x1797;&#x1796;&#x179A;&#x17BF;&#x1784;&#x1793;&#x17B7;&#x1791;&#x17B6;&#x1793;</subfield>
  </datafield>
  <datafield tag="505" ind1=" " ind2=" ">
    <subfield code="a">J 

</subfield>
  </datafield>
  <datafield tag="520" ind1=" " ind2=" ">
    <subfield code="a">&#x1798;&#x17B6;&#x1793;&#x178A;&#x17BC;&#x1793;&#x1785;&#x17B6;&#x179F;&#x17CB;&#x1798;&#x17D2;&#x1793;&#x17B6;&#x1780;&#x17CB;&#x179A;&#x179F;&#x17CB;&#x1793;&#x17C5;&#x1787;&#x17B6;&#x1798;&#x17BD;&#x1799;&#x1780;&#x17D2;&#x179A;&#x1794;&#x17B8;&#x1781;&#x17D2;&#x1798;&#x17C5;&#x1798;&#x17BD;&#x1799;&#x1780;&#x17D2;&#x1794;&#x17B6;&#x179B; &#x17D4; &#x1790;&#x17D2;&#x1784;&#x17C3;&#x1798;&#x17BD;&#x1799;&#x1780;&#x17D2;&#x1794;&#x17BD;&#x1793;&#x179A;&#x1791;&#x17C1;&#x17C7;&#x178A;&#x17C2;&#x179B;&#x1798;&#x17B6;&#x1793;500&#x179A;&#x1791;&#x17C1;&#x17C7;&#x1794;&#x17B6;&#x1793;&#x1792;&#x17D2;&#x179C;&#x17BE;&#x178A;&#x17C6;&#x178E;&#x17BE;&#x179A;&#x1786;&#x17D2;&#x179B;&#x1784;&#x1780;&#x17B6;&#x178F;&#x17CB;&#x1795;&#x17D2;&#x1791;&#x17C7;&#x178A;&#x17BC;&#x1793;&#x1785;&#x17B6;&#x179F;&#x17CB;&#x1793;&#x17C4;&#x17C7; &#x17D4;&#x200B; &#x1794;&#x17C9;&#x17BB;&#x1793;&#x17D2;&#x178F;&#x17C2;&#x179A;&#x1791;&#x17C1;&#x17C7;&#x1791;&#x17B6;&#x17C6;&#x1784;&#x1793;&#x17C4;&#x17C7;&#x1787;&#x17B6;&#x1794;&#x17CB;&#x1795;&#x17BB;&#x1784;&#x1798;&#x17B7;&#x1793;&#x17A2;&#x17B6;&#x1785;&#x1786;&#x17D2;&#x179B;&#x1784;&#x1780;&#x17B6;&#x178F;&#x17CB;&#x1791;&#x1793;&#x17D2;&#x179B;&#x1794;&#x17B6;&#x1793;&#x200B;&#x17D4; &#x1798;&#x17C1;&#x1780;&#x17D2;&#x179A;&#x17BB;&#x1798;&#x1794;&#x17B6;&#x179A;&#x1798;&#x17D2;&#x1797;&#x1787;&#x17B6;&#x1781;&#x17D2;&#x179B;&#x17B6;&#x17C6;&#x1784;&#x1782;&#x17B6;&#x178F;&#x17CB;&#x1780;&#x17CF;&#x179F;&#x17D2;&#x179C;&#x17C2;&#x1784;&#x179A;&#x1780;&#x1780;&#x17D2;&#x179A;&#x1794;&#x17B8;&#x1795;&#x17D2;&#x179F;&#x17C1;&#x1784;&#x1798;&#x1780;&#x1787;&#x17BD;&#x1799; &#x17D4; &#x1782;&#x17B6;&#x178F;&#x17CB;&#x1780;&#x17CF;&#x1794;&#x17B6;&#x1793;&#x1787;&#x17BD;&#x1794;&#x1787;&#x17B6;&#x1798;&#x17BD;&#x1799;&#x1780;&#x17D2;&#x179A;&#x1794;&#x17B8;&#x178A;&#x17BC;&#x1793;&#x1785;&#x17B6;&#x179F;&#x17CB; &#x17A0;&#x17BE;&#x1799;&#x1780;&#x17D2;&#x179A;&#x1794;&#x17B8;&#x1780;&#x17CF;&#x1796;&#x17D2;&#x179A;&#x1798;&#x1787;&#x17BD;&#x1799;&#x1787;&#x17B6;&#x1790;&#x17D2;&#x1793;&#x17BC;&#x179A;&#x1793;&#x17C1;&#x179F;&#x1796;&#x17B8;&#x179A;&#x1780;&#x17B6;&#x1780;&#x17CB;&#x1798;&#x17B6;&#x179F;&#x1780;&#x17D2;&#x1793;&#x17BB;&#x1784;&#x1798;&#x17BD;&#x1799;&#x179A;&#x1791;&#x17C1;&#x17C7; &#x17D4; &#x1796;&#x17C1;&#x179B;&#x1785;&#x1794;&#x17CB;&#x1780;&#x17B6;&#x179A;&#x1784;&#x17B6;&#x179A;&#x1798;&#x17C1;&#x1780;&#x17D2;&#x179A;&#x17BB;&#x1798;&#x1794;&#x179A;&#x1791;&#x17C1;&#x17C7;&#x1798;&#x17B7;&#x1793;&#x1782;&#x17C4;&#x179A;&#x1796;&#x179F;&#x1793;&#x17D2;&#x1799;&#x17B6;&#x1791;&#x17C1;&#x200B;&#x178A;&#x17BC;&#x1785;&#x1793;&#x17C1;&#x17C7;&#x179C;&#x17B6;&#x1780;&#x17CF;&#x179A;&#x17B6;&#x179A;&#x17B6;&#x17C6;&#x1784;&#x1798;&#x17C1;&#x1780;&#x17D2;&#x179A;&#x17BB;&#x1798;&#x1798;&#x17B7;&#x1793;&#x17A2;&#x17C4;&#x1799;&#x1792;&#x17D2;&#x179C;&#x17BE;&#x178A;&#x17C6;&#x1793;&#x17BE;&#x179A;&#x1791;&#x17C5;&#x1798;&#x17BB;&#x1781;</subfield>
  </datafield>
  <datafield tag="521" ind1="8" ind2=" ">
    <subfield code="a">500 
</subfield>
    <subfield code="b">Lexile estimate 
</subfield>
  </datafield>
  <datafield tag="521" ind1="8" ind2=" ">
    <subfield code="a">J 
</subfield>
    <subfield code="b">Raz-Plus 
</subfield>
  </datafield>
  <datafield tag="650" ind1=" " ind2=" ">
    <subfield code="a">&#x179B;&#x17C4;&#x1780;&#x1799;&#x17B6;&#x1799;&#x1793;&#x17B7;&#x1784;&#x1780;&#x17D2;&#x179A;&#x1794;&#x17B8;&#x1781;&#x17D2;&#x1798;&#x17C5;</subfield>
    <subfield code="v">&#x179A;&#x17BF;&#x1784;&#x1793;&#x17B7;&#x1791;&#x17B6;&#x1793;&#x1780;&#x17BB;&#x1798;&#x17B6;&#x179A;</subfield>
  </datafield>
  <datafield tag="650" ind1=" " ind2=" ">
    <subfield code="a">Grandmother and black buffalo </subfield>
    <subfield code="v">Children's Stories </subfield>
  </datafield>
  <datafield tag="942" ind1=" " ind2=" ">
    <subfield code="2">ddc</subfield>
    <subfield code="c">KHB</subfield>
    <subfield code="n">0</subfield>
  </datafield>
  <datafield tag="999" ind1=" " ind2=" ">
    <subfield code="c">8921</subfield>
    <subfield code="d">8921</subfield>
  </datafield>
  <datafield tag="952" ind1=" " ind2=" ">
    <subfield code="0">0</subfield>
    <subfield code="1">0</subfield>
    <subfield code="2">ddc</subfield>
    <subfield code="4">0</subfield>
    <subfield code="7">0</subfield>
    <subfield code="8">Khmer-English Bilingual </subfield>
    <subfield code="a">002</subfield>
    <subfield code="b">002</subfield>
    <subfield code="c">TTP Khmer</subfield>
    <subfield code="d">2025-10-31</subfield>
    <subfield code="l">0</subfield>
    <subfield code="o">ANO PZ7 398.2 </subfield>
    <subfield code="p">FISBK03884</subfield>
    <subfield code="r">2025-10-31 16:35:00</subfield>
    <subfield code="t">1</subfield>
    <subfield code="w">2025-10-31</subfield>
    <subfield code="y">KHB</subfield>
  </datafield>
  <datafield tag="952" ind1=" " ind2=" ">
    <subfield code="0">0</subfield>
    <subfield code="1">0</subfield>
    <subfield code="2">ddc</subfield>
    <subfield code="4">0</subfield>
    <subfield code="7">0</subfield>
    <subfield code="8">Khmer-English Bilingual </subfield>
    <subfield code="a">002</subfield>
    <subfield code="b">002</subfield>
    <subfield code="c">TTP Khmer</subfield>
    <subfield code="d">2025-12-12</subfield>
    <subfield code="l">0</subfield>
    <subfield code="o">ANO PZ7 398.2 </subfield>
    <subfield code="p">FISBK03768</subfield>
    <subfield code="r">2025-12-12 09:07:10</subfield>
    <subfield code="t">2</subfield>
    <subfield code="w">2025-12-12</subfield>
    <subfield code="y">KHB</subfield>
  </datafield>
</record>
